20 joueurs de la Juventus par images - Statistiques

Statistiques générales
  • Ce quiz a été pris 241 fois
  • Le résultat moyen est 17 sur 20
Statistiques - réponses
Par images Réponse % Correct
Cristiano Ronaldo
100%
Gianluigi Buffon
99%
Paul Pogba
99%
Zinédine Zidane
99%
Paulo Dybala
98%
Thierry Henry
97%
Giorgio Chiellini
94%
Leonardo Bonucci
94%
Michel Platini
94%
Federico Chiesa
91%
Mario Mandžukić
90%
Pavel Nedvěd
90%
Roberto Baggio
84%
Alessandro Del Piero
81%
Alex Sandro
80%
Manuel Locatelli
78%
Emre Can
76%
Ciro Immobile
73%
Edgar Davids
73%
Igor Tudor
22%
Aucun quiz correspondant
Distribution des résultats
% des personnes avec chaque résultat
Percentile par nombre de réponses
Votre historique - résultats
Vous n’avez pas pris ce quiz